<?xml version="1.0" encoding="UTF-8"?>
<record
    xmlns:xsi="http://www.w3.org/2001/XMLSchema-instance"
    xsi:schemaLocation="http://www.loc.gov/MARC21/slim http://www.loc.gov/standards/marcxml/schema/MARC21slim.xsd"
    xmlns="http://www.loc.gov/MARC21/slim">

  <leader>02003nam a22001697a 4500</leader>
  <controlfield tag="003">SGT</controlfield>
  <datafield tag="020" ind1=" " ind2=" ">
    <subfield code="a">9789351380887</subfield>
  </datafield>
  <datafield tag="082" ind1=" " ind2=" ">
    <subfield code="a">658.404 GOP</subfield>
  </datafield>
  <datafield tag="100" ind1=" " ind2=" ">
    <subfield code="a">GOPALAKRISHNAN,P</subfield>
  </datafield>
  <datafield tag="245" ind1=" " ind2=" ">
    <subfield code="a">TEXTBOOK OF PROJECT MANAGEMENT</subfield>
  </datafield>
  <datafield tag="250" ind1=" " ind2=" ">
    <subfield code="a">1ST</subfield>
  </datafield>
  <datafield tag="260" ind1=" " ind2=" ">
    <subfield code="a">NEW DELHI</subfield>
    <subfield code="b">TRINITY</subfield>
    <subfield code="c">2014</subfield>
  </datafield>
  <datafield tag="300" ind1=" " ind2=" ">
    <subfield code="a">400</subfield>
  </datafield>
  <datafield tag="650" ind1=" " ind2=" ">
    <subfield code="a">PROJECT MANAGEMENT</subfield>
  </datafield>
  <datafield tag="653" ind1=" " ind2=" ">
    <subfield code="a">Part I Project Planning 1. Indian Project Management Scenario 2. Project Asset: Issues and Problems 3. Gantt Chart and LOB 4. Network Analysis 5. Programme Evaluation and Review Technique 6. Critical Path Method 7. Compression on Critical Path 8. Resource Monitoring and Control Part II Contract Management 9. Principles of Project Contracts 10. Project Contracting Process 11. Compilation of Project Contracts 12. Practical Aspects of Contract 13. Legal Aspects of Project Management 14. Global Tender and BEC 15. Negotiations for Projects 16. Insurance for Projects Part III Project Buying, HRD and Computer 17. Projects Procurement Process 18. Life-Cycle Costing 19. Project Cost Reduction Methods 20. Project Stores 21. Organisation and HRD Issues 22. Role of Computer 23. Project Management in Japan and Germany Part IV Investment Feasibility Studies 24. Managing Project Resources Flow 25. Project Feasibility Studies: Stages 26. Project Feasibility Studies: Components 27. Dynamics of Project Cost 28. Estimation of Capital Cost 29. Estimating Operating Costs 30. Forecasting Income 31. Estimation of Investment and Return on Investment 32. Project Evaluation Under Uncertainty 33. Cost of Capital 34. Financial Sources, Concepts, Practices 35. Role of Development Financial Institutions 36. Appraisal Processes, Concepts and Techniques 37. Commercial vs National profitability 38. Interface with Industrial Sickness 39. Project monitoring and M.I.S. 40. Project Cost Overruns and Cost Control 41. Project Audit 42. Frontier Issues in Project Management Part V Project Management (Case Studies) 43. Ganapathy Ram Paper Boards Ltd</subfield>
  </datafield>
  <datafield tag="942" ind1=" " ind2=" ">
    <subfield code="2">ddc</subfield>
    <subfield code="c">FCM</subfield>
  </datafield>
  <datafield tag="952" ind1=" " ind2=" ">
    <subfield code="0">0</subfield>
    <subfield code="1">0</subfield>
    <subfield code="2">ddc</subfield>
    <subfield code="4">0</subfield>
    <subfield code="7">0</subfield>
    <subfield code="8">CM</subfield>
    <subfield code="a">SSSL</subfield>
    <subfield code="b">SSSL</subfield>
    <subfield code="c">DISPLAY</subfield>
    <subfield code="d">2017-02-01</subfield>
    <subfield code="e">INDIAN PUBLISHERS &amp; DISTRIBUTORS</subfield>
    <subfield code="g">350.00</subfield>
    <subfield code="i">SGTU</subfield>
    <subfield code="l">1</subfield>
    <subfield code="o">658.404 GOP</subfield>
    <subfield code="p">CM3462</subfield>
    <subfield code="r">2018-02-06 00:00:00</subfield>
    <subfield code="s">2018-01-31</subfield>
    <subfield code="w">2016-12-14</subfield>
    <subfield code="y">FCM</subfield>
    <subfield code="k">120</subfield>
  </datafield>
  <datafield tag="952" ind1=" " ind2=" ">
    <subfield code="0">0</subfield>
    <subfield code="1">0</subfield>
    <subfield code="2">ddc</subfield>
    <subfield code="4">0</subfield>
    <subfield code="7">0</subfield>
    <subfield code="8">CM</subfield>
    <subfield code="a">SSSL</subfield>
    <subfield code="b">SSSL</subfield>
    <subfield code="c">DISPLAY</subfield>
    <subfield code="d">2017-02-01</subfield>
    <subfield code="e">INDIAN PUBLISHERS &amp; DISTRIBUTORS</subfield>
    <subfield code="g">350.00</subfield>
    <subfield code="i">SGTU</subfield>
    <subfield code="l">7</subfield>
    <subfield code="o">658.404 GOP</subfield>
    <subfield code="p">CM3459</subfield>
    <subfield code="r">2019-09-16 00:00:00</subfield>
    <subfield code="s">2019-08-22</subfield>
    <subfield code="w">2016-12-14</subfield>
    <subfield code="y">FCM</subfield>
    <subfield code="k">120</subfield>
  </datafield>
  <datafield tag="952" ind1=" " ind2=" ">
    <subfield code="0">0</subfield>
    <subfield code="1">0</subfield>
    <subfield code="2">ddc</subfield>
    <subfield code="4">0</subfield>
    <subfield code="7">0</subfield>
    <subfield code="8">CM</subfield>
    <subfield code="a">SSSL</subfield>
    <subfield code="b">SSSL</subfield>
    <subfield code="c">DISPLAY</subfield>
    <subfield code="d">2017-02-01</subfield>
    <subfield code="e">INDIAN PUBLISHERS &amp; DISTRIBUTORS</subfield>
    <subfield code="g">350.00</subfield>
    <subfield code="i">SGTU</subfield>
    <subfield code="l">4</subfield>
    <subfield code="o">658.404 GOP</subfield>
    <subfield code="p">CM3460</subfield>
    <subfield code="r">2019-05-16 00:00:00</subfield>
    <subfield code="s">2019-04-30</subfield>
    <subfield code="w">2016-12-14</subfield>
    <subfield code="y">FCM</subfield>
    <subfield code="k">120</subfield>
  </datafield>
  <datafield tag="952" ind1=" " ind2=" ">
    <subfield code="0">0</subfield>
    <subfield code="1">0</subfield>
    <subfield code="2">ddc</subfield>
    <subfield code="4">0</subfield>
    <subfield code="7">0</subfield>
    <subfield code="8">CM</subfield>
    <subfield code="a">SSSL</subfield>
    <subfield code="b">SSSL</subfield>
    <subfield code="c">DISPLAY</subfield>
    <subfield code="d">2017-02-01</subfield>
    <subfield code="e">INDIAN PUBLISHERS &amp; DISTRIBUTORS</subfield>
    <subfield code="g">350.00</subfield>
    <subfield code="i">SGTU</subfield>
    <subfield code="l">0</subfield>
    <subfield code="o">658.404 GOP</subfield>
    <subfield code="p">CM3461</subfield>
    <subfield code="r">2017-02-01 00:00:00</subfield>
    <subfield code="w">2016-12-14</subfield>
    <subfield code="y">FCM</subfield>
    <subfield code="k">120</subfield>
  </datafield>
  <datafield tag="999" ind1=" " ind2=" ">
    <subfield code="c">10728</subfield>
    <subfield code="d">10728</subfield>
  </datafield>
</record>
